Multiple Choice Region Quiz – Toussaint (Witcher 3) - Statistics

General Stats
  • This quiz has been taken 34 times
  • The average score is 9 of 10
Answer Stats
Question Answer % Correct
What is the capital of Toussaint? Beauclair
100%
Which individuals assist the ruler's Guard in keeping order in Toussaint? Knights-errant
96%
Which Toussaint export is considered the best in the world? Wine
96%
What is the title of the rulers of Toussaint? Duke/Duchess
92%
In 1275 a serial killer took the lives of 4 noblemen in Toussaint. What kind of creature was he? Higher vampire
92%
Which historical real-world region resembles Toussaint culturally? Tuscany
92%
Which Toussaint vineyard estate was the home of witcher Geralt of Rivia? Corvo Bianco
88%
Toussaint is a vassal of which monarchy? Nilfgaard
84%
Which river crosses Toussaint? Sansretour
84%
Which Toussaintoise sang a lullaby in the Witcher 3 trailer "A Night to Remember", before turning into a bruxa? Orianna
76%
No matching quizzes found
Score Distribution
Percent of People with Each Score
Percentile by Number Answered
Your Score History
You have not taken this quiz